<?xml version="1.0" encoding="UTF-8"?><?xml-stylesheet type="text/xsl" href="static/style.xsl"?><OAI-PMH xmlns="http://www.openarchives.org/OAI/2.0/" xmlns:xsi="http://www.w3.org/2001/XMLSchema-instance" xsi:schemaLocation="http://www.openarchives.org/OAI/2.0/ http://www.openarchives.org/OAI/2.0/OAI-PMH.xsd"><responseDate>2026-04-27T21:40:27Z</responseDate><request verb="GetRecord" identifier="oai:uvadoc.uva.es:10324/58896" metadataPrefix="marc">https://uvadoc.uva.es/oai/request</request><GetRecord><record><header><identifier>oai:uvadoc.uva.es:10324/58896</identifier><datestamp>2023-03-08T14:38:00Z</datestamp><setSpec>com_10324_38</setSpec><setSpec>col_10324_852</setSpec></header><metadata><record xmlns="http://www.loc.gov/MARC21/slim" xmlns:doc="http://www.lyncode.com/xoai" xmlns:xsi="http://www.w3.org/2001/XMLSchema-instance" xmlns:dcterms="http://purl.org/dc/terms/" xsi:schemaLocation="http://www.loc.gov/MARC21/slim http://www.loc.gov/standards/marcxml/schema/MARC21slim.xsd">
<leader>00925njm 22002777a 4500</leader>
<datafield tag="042" ind1=" " ind2=" ">
<subfield code="a">dc</subfield>
</datafield>
<datafield tag="720" ind1=" " ind2=" ">
<subfield code="a">Izquierdo Marín, Marcos Javier</subfield>
<subfield code="e">author</subfield>
</datafield>
<datafield tag="260" ind1=" " ind2=" ">
<subfield code="c">2022</subfield>
</datafield>
<datafield tag="520" ind1=" " ind2=" ">
<subfield code="a">Este trabajo ha consistido en un análisis profundo de la situación actual del voleibol español, centrándonos en sus dos máximas categorías, masculina y femenina con el objetivo de desarrollar las razones por las que dichas ligas padecen precariedad laboral. A partir de esta investigación en la que hemos tenido la participación mediante un formulario de una cantidad significativa de los jugadores de dichas ligas, hemos obtenido unas conclusiones por medio de las cuales, hemos realizado unas propuestas para mejorar la situación, que implican la creación de un convenio colectivo, y, con ello reducir la precariedad laboral.</subfield>
</datafield>
<datafield tag="024" ind2=" " ind1="8">
<subfield code="a">https://uvadoc.uva.es/handle/10324/58896</subfield>
</datafield>
<datafield tag="245" ind1="0" ind2="0">
<subfield code="a">La precariedad laboral en los deportes minoritarios: El Voleibol</subfield>
</datafield>
</record></metadata></record></GetRecord></OAI-PMH>